Danh mục hàng hoá và thuế suất các mặt hàng của Việt Nam thực hiện hiệp định về ưu đãi thuế quan có hiệu lực chung (CEPT) của các nước ASEAN cho năm 2000

保存先:
書誌詳細
フォーマット: Sách giấy
言語:Vietnamese
出版事項: Hà Nội : Tài chính , 2000
タグ: タグ追加
タグなし, このレコードへの初めてのタグを付けませんか!
Thư viện lưu trữ: Thư viện Trường Đại học Đà Lạt
LEADER 00668nam a2200229 4500
001 DLU020017497
005 ##3/29/2001
020 # # |a 978- 
041 # # |a vie 
082 # # |a 336.26  |b BOT 
245 # # |a Danh mục hàng hoá và thuế suất các mặt hàng của Việt Nam thực hiện hiệp định về ưu đãi thuế quan có hiệu lực chung (CEPT) của các nước ASEAN cho năm 2000 
260 # # |a Hà Nội :  |b Tài chính ,  |c 2000 
300 # # |a 260 tr.;   |c 30 cm. 
992 # # |a 40000 
994 # # |a DLU 
900 # # |a False 
911 # # |a Administrator 
925 # # |a G 
926 # # |a A 
927 # # |a SH 
980 # # |a Thư viện Trường Đại học Đà Lạt